Africa’s gifts to America the Afro-American in the making and saving of the United States, with new supplement Africa and its potentialities

Gespeichert in:
Bibliographische Detailangaben
1. Verfasser: ROGERS, Joel Augustus
Format: Buch
Sprache:Englisch
Veröffentlicht: Helga M. Rogers 1961
Tags: Tag hinzufügen
Keine Tags, Fügen Sie den ersten Tag hinzu!

MARC

LEADER 00000nam a22000007a 4500
008 210122b ||||| |||| 00| 0 eng d
100 |a ROGERS, Joel Augustus 
245 |a Africa’s gifts to America  |b  the Afro-American in the making and saving of the United States, with new supplement Africa and its potentialities  |c J. A. Rogers 
260 |b Helga M. Rogers  |c 1961  |h New York  |i 186038  |l E185 .R63  |m Negroes – History 
942 |a lcc  |c BK  |e O.A.JOHNSON  |f 22/01/21 
952 |0 0  |1 0  |2 lcc  |4 0  |6 E0185 R63  |7 0  |9 1471  |a HOL  |b HOL  |c AF  |d 2021-01-22  |l 0  |o E185 .R63  |p 2021-0268  |r 2021-01-22 00:00:00  |w 2021-01-22  |y BK 
999 |c 770  |d 770